Statistics for Which automobile companies makes these cars?

Click here to take the quiz!

General Stats

  • This quiz has been taken 223 times
  • The average score is 20 of 30

Answer Stats

HintAnswer% Correct
ChargerDodge
96%
MustangFord
95%
CamaroChevrolet
93%
PriusToyota
91%
911Porsche
89%
ExplorerFord
86%
C-ClassMercedes
84%
Model 3Tesla
84%
CX-5Mazda
83%
TiguanVolkswagen
83%
A6Audi
82%
3 SeriesBMW
78%
TaurusFord
77%
Discovery SportLand Rover
73%
F-TypeJaguar
72%
SoulKia
72%
GiuliaAlfa Romeo
69%
PilotHonda
60%
StelvioAlfa Romeo
58%
124 SpiderFiat
55%
S60Volvo
55%
300Chrysler
52%
200Chrysler
50%
PacificaChrysler
49%
GhibliMaserati
49%
RougeNissan
49%
GladiatorJeep
46%
EnclaveBuick
43%
MDXAcura
40%
MKZLincoln
33%

Score Distribution

Percentile by Number Answered

Percent of People with Each Score

Your Score History

You have not taken this quiz